[Event "WYCC 2018 O16"]
[Site "Halkidiki"]
[Date "2018.10.27"]
[Round "8"]
[White "Vrolijk, Liam"]
[Black "Loiacono, Leonardo"]
[Result "1/2-1/2"]
[WhiteElo "2437"]
[BlackElo "2277"]
[Annotator "TA"]
[PlyCount "74"]
[EventDate "2018.10.20"]
[EventType "swiss"]
[EventCountry "GRE"]
[SourceTitle "playchess.com"]
[Source "ChessBase"]
[SourceQuality "1"]

{[%evp 19,74,41,85,90,98,84,89,70,62,12,58,48,66,71,52,10,10,10,21,-29,0,-10,-22,-37,-41,-33,0,-42,-28,-29,0,0,0,0,0,0,64,16,16,14,27,17,13,6,33,16,32,7,21,0,0,0,0,0,7,0,0]} 1. d4 Nf6 2. c4 {[%cal Bc2c4,Bc4b5][%mdl 32]} c5 3. d5 b5 4. cxb5 a6 5. bxa6 g6 6. Nc3 {A58: Wolga/Benkö-Gambit} Bg7 7. e4 (7. Nf3 O-O 8. g3 d6 9. Bg2 Nxa6 10. O-O Bf5 11. Nh4 Bd7 12. b3 Qb6 13. Bd2 Rfb8 14. Re1 Nc7 15. Qc2 Ra3 16. Qc1 Qa7 17. e4 Ng4 18. h3 {0-1 (38) Li,C (2732)-Shankland,S (2671) Liaocheng 2018}) 7... O-O 8. a7 Rxa7 9. Nf3 {[%cal Bg1f3,Bf3d2,Bd2c4][%mdl 32]} d6 10. Be2 Ba6 {LiveBook: 23 Partien} 11. O-O Qc8 12. Nd2 Bxe2 13. Qxe2 Qa6 14. Nc4 $146 Nbd7 15. a4 Rb7 16. Ra3 $1 Nb6 17. Nxb6 (17. b3 {is more complex.} Nxc4 18. bxc4 Rb4 19. Nb5 Rxa4 20. e5) 17... Qxe2 $1 18. Nxe2 {[#] Droht a5 und aus.} Rxb6 19. Nc3 Rb4 20. f3 Nd7 21. Nd1 Ra8 22. a5 Bd4+ 23. Kh1 Rb5 24. Bd2 Bxb2 25. Nxb2 Rxb2 26. Bc3 Rb5 27. Rfa1 c4 (27... e6 $11) 28. Kg1 Nc5 29. Kf2 e6 30. dxe6 fxe6 31. Ke3 d5 32. a6 $36 {[%mdl 2048] Weiss drückt.} Nb3 33. R1a2 Kf7 {Die Stellung ist ausgeglichen.} 34. Be5 Nc1 35. Ra1 Nb3 $1 {[%cal Rb3a1]} 36. R1a2 Nc1 37. Ra1 Nb3 $1 {Precision: Weiß = 43%, Schwarz = 60%.} 1/2-1/2

[Event "WYCC 2018 O16"]
[Site "Halkidiki"]
[Date "2018.10.27"]
[Round "8"]
[White "Blohberger, Felix"]
[Black "Schitco, Ivan"]
[Result "1/2-1/2"]
[WhiteElo "2433"]
[BlackElo "2376"]
[Annotator "TA"]
[PlyCount "166"]
[EventDate "2018.10.20"]
[EventType "swiss"]
[EventCountry "GRE"]
[SourceTitle "playchess.com"]
[Source "ChessBase"]
[SourceQuality "1"]

{[%evp 10,166,30,6,31,24,41,41,38,36,37,39,41,22,20,22,34,24,28,24,18,27,70,45,85,73,64,68,78,58,63,70,54,62,72,56,71,71,71,16,33,31,56,49,73,40,31,25,31,35,99,97,99,103,125,66,77,56,50,-70,-65,-59,-65,-74,-27,-183,-189,-191,-202,-202,-206,-207,-151,-148,-148,-209,-208,-206,-206,-204,-191,-181,-143,-137,-90,-138,-142,-153,-161,-160,-155,-202,-202,-202,-167,-202,-202,-224,-16,-16,-16,-16,-16,-16,-8,-8,-8,-8,0,-8,0,0,0,0,0,0,0,0,0,-8,0,-12,-13,-13,-8,-16,-14,-28,-21,-28,-20,-28,-28,-28,-28,-28,-24,-24,-12,-28,-28,-74,-8,-8,-8,-8,-8,-8,-8,-8,0,-8,-8,-8,-8,-8,-8,-8,0]} 1. e4 c6 2. Nf3 d5 3. Nc3 Bg4 4. h3 Bxf3 5. Qxf3 e6 6. Be2 Nd7 {B11: Caro-Kann: Two Knights Variation} (6... Bc5 7. O-O Nd7 8. b4 Bd4 9. b5 Ne7 10. Rb1 O-O 11. Ba3 Bc5 12. Bb2 Qa5 13. d4 Bd6 14. bxc6 bxc6 {1-0 (40) Paravyan,D (2630)-Dreev,A (2635) St Petersburg 2018}) 7. d4 dxe4 8. Nxe4 Ndf6 {White is slightly better.} 9. c3 Nxe4 10. Qxe4 Nf6 11. Qd3 Bd6 12. O-O Qc7 13. Bg5 Nd5 $146 ({Predecessor:} 13... Bh2+ 14. Kh1 Bf4 15. Bh4 g5 {½-½ (70) Paulet,I (2261)-Kounalakis,E (2142) Rethymno 2010}) 14. g3 h6 15. Bd2 O-O-O 16. Qf3 Nf6 17. Rad1 Kb8 18. Rfe1 Qa5 19. Bc4 Qh5 20. Qg2 Nh7 21. Be2 Qd5 22. Qxd5 cxd5 23. Bd3 Nf6 24. g4 (24. h4 $16) 24... Kc7 25. Kg2 Rb8 26. a4 {[%cal Ba2a4,Ba4a5][%mdl 32]} a6 27. a5 Kd7 28. b3 Bc7 29. c4 b6 (29... g5 $14) 30. axb6 $16 Rxb6 31. Bc2 a5 32. Bxa5 (32. Ra1 $16) 32... Ra6 $1 $14 33. Bc3 Ra2 34. Rc1 (34. Re2 $14) 34... Bf4 $15 35. Bb1 Ra3 36. Rc2 Rxb3 {Threatens to win with ...Ra8.} 37. c5 $2 (37. Ba2 $11 {and White is okay.} Rxc3 38. Rxc3) 37... Rhb8 $1 $36 {[%mdl 2048] Black is really pushing.} 38. Ba2 {[#]} Rxc3 $1 {[%mdl 512]} 39. Rxc3 {Hoping for Ra3.} Bd2 $1 {[%csl LRc3,LRe1]} 40. Ree3 Bxc3 41. Rxc3 {[%mdl 4096] Endgame [#] KRB-KRN} Rb2 $1 {[%cal Rb2a2]} 42. Ra3 (42. Bb3 $17 {keeps fighting.}) 42... Ne4 43. Bb3 Rxf2+ 44. Kg1 Rb2 45. Ra7+ Kc8 46. Ba4 Ng5 47. Be8 Nxh3+ 48. Kf1 Ng5 49. Bxf7 Rb4 50. Bg8 Rxd4 51. Rxg7 Rc4 52. Rg6 Kd7 ({Not} 52... Rxc5 53. Bxe6+ Kc7 {[#]} 54. Bxd5 $1 $11 {[%mdl 512]}) 53. Rxh6 Rxc5 $2 ({Better is} 53... Rxg4 $19 {...Rf4+ is the strong threat.} 54. c6+ Kxc6 55. Bxe6 Rf4+ 56. Kg2 Nxe6 57. Rxe6+ Kc5) 54. Rg6 $1 $11 {[%cal Rg6g5]} d4 55. Ke2 Ke7 56. Kd3 Rd5 57. Rh6 $1 Kd7 58. Rg6 Ke7 59. Rh6 $1 Rd8 60. Rg6 Nh3 {White must now prevent ...Nf4+.} 61. Rxe6+ Kf8 62. Rh6 Nf2+ 63. Ke2 Nxg4 64. Rg6 Ne5 65. Rg3 Ke7 66. Bh7 Rh8 67. Be4 Rh4 68. Bd3 Rh2+ 69. Kd1 Kd6 70. Ke1 Rh5 71. Be2 Rh8 72. Kd2 Re8 73. Ra3 Rb8 74. Ra5 Rb2+ 75. Ke1 Nc6 ({Black should play} 75... d3 $17 76. Bxd3 Nxd3+ 77. Kf1 Nc5) 76. Rb5 {The position is equal.} Ra2 77. Bc4 Rh2 78. Rd5+ Kc7 {Threatening ...Nb4.} 79. Rc5 Kd6 80. Rd5+ Ke7 81. Kd1 Rh4 82. Rb5 Rg4 83. Kd2 Rh4 {Precision: White = 49%, Black = 46%.} 1/2-1/2

[Event "WYCC 2018 O16"]
[Site "Halkidiki"]
[Date "2018.10.27"]
[Round "8"]
[White "Kosakowski, Jakub"]
[Black "Yakubboev, Nodirbek"]
[Result "1/2-1/2"]
[WhiteElo "2413"]
[BlackElo "2522"]
[Annotator "TA"]
[PlyCount "71"]
[EventDate "2018.10.20"]
[EventType "swiss"]
[EventCountry "GRE"]
[SourceTitle "playchess.com"]
[Source "ChessBase"]
[SourceQuality "1"]

{[%evp 21,71,0,0,0,0,-8,-2,-6,0,-2,1,-27,-35,-34,0,0,29,0,0,0,111,76,238,229,228,230,212,205,214,183,221,217,193,207,231,228,229,229,229,223,538,518,554,320,320,320,306,306,291,0,222,191]} 1. e4 c5 2. Nf3 d6 3. d4 cxd4 4. Nxd4 Nf6 5. Nc3 a6 6. Bg5 e6 7. f4 h6 8. Bh4 Qb6 9. a3 Nbd7 {B96: Sicilian Najdorf: 6 Bg5 e6 7 f4, lines other than 7...Qb6 and 7...Be7} (9... Be7 10. Bf2 Qc7 11. Qf3 Nbd7 12. O-O-O b5 13. g4 Bb7 14. h4 Nc5 15. Bd3 d5 16. e5 Nfe4 17. Bxe4 Nxe4 {½-½ (51) Caruana,F (2822)-Vachier Lagrave,M (2779) Saint Louis 2018}) 10. Bf2 Qc7 11. Qf3 b5 {LiveBook: 11 Games. The position is equal.} 12. g4 Bb7 $146 ({Predecessor:} 12... Be7 13. h4 Nb6 14. g5 Nfd7 15. g6 Bf6 16. gxf7+ Kxf7 17. Rg1 {½-½ (48) Madej,R (1756)-Kyc,J (2096) Szczyrk 2014}) 13. Bg2 g5 14. f5 Ne5 15. Qe2 Nfxg4 16. fxe6 fxe6 17. Bg3 {Black must now prevent h3.} Qe7 (17... Qc4 $15 18. Bxe5 Qxe2+ 19. Kxe2 Nxe5 20. Nxe6 Rc8) 18. O-O-O $11 Bg7 19. Bh3 h5 20. Rhf1 Rh6 {[#]} (20... Rc8 $11) 21. Ndxb5 $1 $16 {[%mdl 512]} axb5 $2 (21... Rd8 $16) 22. Bxg4 $1 $18 O-O-O (22... hxg4 23. Bxe5 Ba6 24. Bxg7 $18) 23. Bxh5 {aiming for Bxe5.} g4 24. Bxe5 Bxe5 25. Bxg4 (25. Qxg4 $6 Qg7 $16) 25... Rxh2 26. Qxb5 {Strongly threatening Nd5.} Kb8 ({Don't blunder} 26... Qg5+ $2 27. Kb1 $18) 27. Kb1 Rg8 28. Rd3 {Hoping for Rdf3.} Bxc3 ({And not} 28... Rxg4 29. Rdf3 $11) 29. Rxc3 Rxg4 {[#]} 30. Rcf3 $1 {[%cal Rf3f7]} Rh7 $2 ({Don't go for} 30... Rxe4 $2 31. Rf7 $18) (30... Qc7 {is more resistant.}) 31. Rf8+ Ka7 32. Qa5+ Ba6 {[#]} 33. Ra8+ $3 {[%mdl 512]} Kxa8 34. Qxa6+ Kb8 {[#] And now ...Qd8 would win.} 35. Qb6+ $2 (35. Rf3 $1 $18) 35... Kc8 $2 (35... Ka8 $1 $11 {and Black has nothing to worry.} 36. Qa6+ Kb8) 36. Qc6+ {Precision: White = 86%, Black = 47%.} 1/2-1/2

[Event "WYCC 2018 O16"]
[Site "Halkidiki"]
[Date "2018.10.27"]
[Round "8"]
[White "Ibrahimli, Murad"]
[Black "Sankalp Gupta"]
[Result "1/2-1/2"]
[WhiteElo "2379"]
[BlackElo "2352"]
[Annotator "NA"]
[PlyCount "144"]
[EventDate "2018.10.20"]
[EventType "swiss"]
[EventCountry "GRE"]
[SourceTitle "playchess.com"]
[Source "ChessBase"]
[SourceQuality "1"]
[TimeControl "40/5400+30:1800+30"]

1. d4 {[%emt 0:00:00]} Nf6 {[%emt 0:00:00]} 2. c4 {[%emt 0:00:06]} e6 {[%emt 0:00:00]} 3. Nf3 {[%emt 0:00:13]} b6 {[%emt 0:00:00]} 4. g3 {[%emt 0:00:08]} Bb7 {[%emt 0:00:00]} 5. Bg2 {[%emt 0:00:07]} Bb4+ {[%emt 0:00:00]} 6. Bd2 {[%emt 0:00:34]} c5 {[%emt 0:00:00]} 7. O-O {[%emt 0:00:42]} O-O {[%emt 0:00:34]} 8. Nc3 {[%emt 0:03:02]} cxd4 {[%emt 0:01:06]} 9. Nb5 {[%emt 0:00:36]} Be7 {[%emt 0:08:20]} 10. Nbxd4 {[%emt 0:07:26]} Nc6 {[%emt 0:02:01]} 11. Ne5 {[%emt 0:26:33]} Qc8 {[%emt 0:06:47]} 12. Ndxc6 {[%emt 0:06:04]} dxc6 {[%emt 0:00:45]} 13. Qa4 {[%emt 0:00:19]} c5 {[%emt 0:07:24]} 14. Nc6 {[%emt 0:00:59]} Bd6 {[%emt 0:00:07]} 15. Bf4 {[%emt 0:10:48]} Qc7 {[%emt 0:00:52]} 16. Ne7+ {[%emt 0:00:37]} Qxe7 {[%emt 0:00:30]} 17. Bxd6 {[%emt 0:00:14]} Qxd6 {[%emt 0:00:07]} 18. Bxb7 {[%emt 0:00:04]} Rab8 {[%emt 0:01:00]} 19. Bf3 {[%emt 0:01:39]} Qc7 {[%emt 0:00:30]} 20. Rad1 {[%emt 0:02:44]} Rfd8 {[%emt 0:00:39]} 21. Qa6 {[%emt 0:03:44]} g6 {[%emt 0:05:55]} 22. Qa3 {[%emt 0:07:09]} Kg7 {[%emt 0:05:29]} 23. Qc3 {[%emt 0:00:47]} Rxd1 {[%emt 0:04:23]} 24. Rxd1 {[%emt 0:00:02]} Rd8 {[%emt 0:00:13]} 25. Rf1 {[%emt 0:01:20]} Qd6 {[%emt 0:02:30]} 26. e3 {[%emt 0:02:21]} Qd2 {[%emt 0:07:25]} 27. Qe5 {[%emt 0:01:46]} Qd6 {[%emt 0:00:43]} 28. Qc3 {[%emt 0:01:13]} h5 {[%emt 0:04:25]} 29. Rd1 {[%emt 0:03:40]} Qc7 {[%emt 0:00:24]} 30. Rb1 {[%emt 0:03:38]} Qd6 {[%emt 0:00:35]} 31. Rd1 {[%emt 0:00:08]} Qc7 {[%emt 0:00:02]} 32. Rxd8 {[%emt 0:09:37]} Qxd8 {[%emt 0:00:06]} 33. Qe5 {[%emt 0:00:06]} Kg8 {[%emt 0:01:34]} 34. h3 {[%emt 0:03:32]} Nh7 {[%emt 0:02:08]} 35. Kg2 {[%emt 0:03:28]} Nf8 {[%emt 0:07:02]} 36. b3 {[%emt 0:01:36]} Qd2 {[%emt 0:02:20]} 37. Qc7 {[%emt 0:00:08]} Qd7 {[%emt 0:02:17]} 38. Qb8 {[%emt 0:00:07]} Kg7 {[%emt 0:00:58]} 39. Bb7 {[%emt 0:00:07]} g5 {[%emt 0:06:36]} 40. Qxa7 {[%emt 0:00:00]} Qc7 {[%emt 0:00:00]} 41. Qa8 {[%emt 0:01:18]} Ng6 {[%emt 0:02:20]} 42. Be4 {[%emt 0:04:12]} Ne7 {[%emt 0:01:00]} 43. Bf3 {[%emt 0:04:51]} h4 {[%emt 0:00:19]} 44. gxh4 {[%emt 0:00:04]} Ng6 {[%emt 0:02:51]} 45. hxg5 {[%emt 0:05:14]} Qe5 {[%emt 0:00:37]} 46. Qe4 {[%emt 0:01:00]} Qxg5+ {[%emt 0:00:06]} 47. Qg4 {[%emt 0:00:40]} Qd8 {[%emt 0:00:59]} 48. Qg3 {[%emt 0:06:02]} Kh6 {[%emt 0:00:08]} 49. Be4 {[%emt 0:03:11]} f5 {[%emt 0:01:31]} 50. Bc6 {[%emt 0:00:03]} e5 {[%emt 0:01:46]} 51. e4 {[%emt 0:05:29]} Nf4+ {[%emt 0:11:32]} 52. Kh2 {[%emt 0:00:27]} Nh5 {[%emt 0:00:31]} 53. Qf3 {[%emt 0:04:21]} f4 {[%emt 0:00:11]} 54. Bd5 {[%emt 0:00:05]} Nf6 {[%emt 0:01:38]} 55. Qg2 {[%emt 0:01:25]} Qe7 {[%emt 0:09:54]} 56. a4 {[%emt 0:01:14]} Qe8 {[%emt 0:02:57]} 57. h4 {[%emt 0:00:49]} Qh5 {[%emt 0:00:09]} 58. Qg5+ {[%emt 0:00:36]} Qxg5 {[%emt 0:00:05]} 59. hxg5+ {[%emt 0:00:04]} Kxg5 {[%emt 0:00:01]} 60. Kg2 {[%emt 0:00:12]} Ne8 {[%emt 0:01:18]} 61. Be6 {[%emt 0:00:47]} Kf6 {[%emt 0:00:59]} 62. Bd7 {[%emt 0:00:12]} Nc7 {[%emt 0:00:07]} 63. Bc8 {[%emt 0:00:06]} Ke7 {[%emt 0:00:07]} 64. Kf3 {[%emt 0:01:31]} Kd8 {[%emt 0:00:01]} 65. Bg4 {[%emt 0:00:34]} Na6 {[%emt 0:00:09]} 66. Ke2 {[%emt 0:00:06]} Nb4 {[%emt 0:00:20]} 67. Kd2 {[%emt 0:00:20]} Ke7 {[%emt 0:01:07]} 68. Be2 {[%emt 0:00:22]} Ke6 {[%emt 0:00:15]} 69. Bg4+ {[%emt 0:00:56]} Ke7 {[%emt 0:00:01]} 70. Kc3 {[%emt 0:00:29]} Kd6 {[%emt 0:00:10]} 71. Bh3 {[%emt 0:00:49]} Ke7 {[%emt 0:00:45]} 72. Kd2 {[%emt 0:00:18]} Kf6 {[%emt 0:00:13]} 1/2-1/2

[Event "WYCC 2018 O16"]
[Site "Halkidiki"]
[Date "2018.10.27"]
[Round "8"]
[White "Gatineau, Yovann"]
[Black "Chukavin, Kirill"]
[Result "1-0"]
[WhiteElo "2376"]
[BlackElo "2274"]
[Annotator "NA"]
[PlyCount "111"]
[EventDate "2018.10.20"]
[EventType "swiss"]
[EventCountry "GRE"]
[SourceTitle "playchess.com"]
[Source "ChessBase"]
[SourceQuality "1"]
[TimeControl "40/5400+30:1800+30"]

1. d4 {[%emt 0:00:00]} Nf6 {[%emt 0:00:00]} 2. Nf3 {[%emt 0:00:11]} e6 {[%emt 0:00:00]} 3. g3 {[%emt 0:00:18]} b5 {[%emt 0:03:36]} 4. Qd3 {[%emt 0:00:57]} b4 {[%emt 0:10:33]} 5. e4 {[%emt 0:00:51]} Ba6 {[%emt 0:00:55]} 6. Qe3 {[%emt 0:00:06]} Bxf1 {[%emt 0:00:46]} 7. Kxf1 {[%emt 0:00:04]} d5 {[%emt 0:00:47]} 8. e5 {[%emt 0:01:32]} Nfd7 {[%emt 0:01:53]} 9. a3 {[%emt 0:03:03]} c5 {[%emt 0:06:15]} 10. axb4 {[%emt 0:04:45]} cxb4 {[%emt 0:00:28]} 11. Kg2 {[%emt 0:00:45]} a5 {[%emt 0:02:02]} 12. h4 {[%emt 0:09:14]} h5 {[%emt 0:13:00]} 13. Ng5 {[%emt 0:05:11]} Nb6 {[%emt 0:01:35]} 14. f4 {[%emt 0:04:28]} g6 {[%emt 0:03:32]} 15. Qd3 {[%emt 0:12:27]} Qd7 {[%emt 0:03:34]} 16. Nd2 {[%emt 0:07:21]} a4 {[%emt 0:13:10]} 17. Nf1 {[%emt 0:01:35]} Nc6 {[%emt 0:01:50]} 18. Ne3 {[%emt 0:01:31]} Be7 {[%emt 0:13:23]} 19. Rd1 {[%emt 0:10:15]} Na5 {[%emt 0:06:00]} 20. b3 {[%emt 0:01:38]} a3 {[%emt 0:03:03]} 21. Bd2 {[%emt 0:02:59]} Nc6 {[%emt 0:00:52]} 22. Rdc1 {[%emt 0:00:29]} Na7 {[%emt 0:01:09]} 23. Qe2 {[%emt 0:06:02]} Nb5 {[%emt 0:00:58]} 24. Qe1 {[%emt 0:00:23]} Nxd4 {[%emt 0:02:39]} 25. Bxb4 {[%emt 0:00:05]} Qb5 {[%emt 0:01:26]} 26. Bxe7 {[%emt 0:00:38]} Kxe7 {[%emt 0:00:02]} 27. c4 {[%emt 0:04:52]} dxc4 {[%emt 0:01:56]} 28. bxc4 {[%emt 0:00:10]} Qc6+ {[%emt 0:02:28]} 29. Kh3 {[%emt 0:00:05]} Rhc8 {[%emt 0:02:50]} 30. Rcb1 {[%emt 0:06:29]} Ra4 {[%emt 0:03:12]} 31. Qd1 {[%emt 0:00:51]} Nxc4 {[%emt 0:01:03]} 32. Qxd4 {[%emt 0:00:17]} Nxe3 {[%emt 0:00:31]} 33. Qxe3 {[%emt 0:00:11]} a2 {[%emt 0:00:22]} 34. Rd1 {[%emt 0:04:32]} Kf8 {[%emt 0:00:29]} 35. Qb3 {[%emt 0:02:37]} Rca8 {[%emt 0:00:19]} 36. Rd6 {[%emt 0:00:53]} Qc8 {[%emt 0:00:34]} 37. Qd1 {[%emt 0:04:16]} R4a7 {[%emt 0:00:39]} 38. f5 {[%emt 0:04:19]} exf5 {[%emt 0:00:32]} 39. e6 {[%emt 0:00:13]} f4 {[%emt 0:00:33]} 40. Rd7 {[%emt 0:00:00]} Rxd7 {[%emt 0:00:00]} 41. exd7 {[%emt 0:06:14]} Qc3 {[%emt 0:03:48]} 42. Ne4 {[%emt 0:01:45]} Qc7 {[%emt 0:02:34]} 43. Rxa2 {[%emt 0:01:03]} Rd8 {[%emt 0:01:01]} 44. Rd2 {[%emt 0:00:43]} Qe5 {[%emt 0:02:55]} 45. Ng5 {[%emt 0:06:12]} fxg3 {[%emt 0:11:09]} 46. Qf3 {[%emt 0:02:45]} Qe7 {[%emt 0:02:01]} 47. Qd5 {[%emt 0:00:38]} Kg7 {[%emt 0:02:35]} 48. Kxg3 {[%emt 0:00:56]} Qe3+ {[%emt 0:04:18]} 49. Kg2 {[%emt 0:00:07]} Qe7 {[%emt 0:00:32]} 50. Kf3 {[%emt 0:05:14]} Kf8 {[%emt 0:04:02]} 51. Kf4 {[%emt 0:01:49]} Qb4+ {[%emt 0:01:01]} 52. Rd4 {[%emt 0:00:35]} Qe7 {[%emt 0:00:10]} 53. Qd6 {[%emt 0:02:29]} Qxd6+ {[%emt 0:00:55]} 54. Rxd6 {[%emt 0:00:05]} Ke7 {[%emt 0:00:17]} 55. Ke5 {[%emt 0:00:08]} Rf8 {[%emt 0:00:44]} 56. Nxf7 {[%emt 0:00:30]} 1-0

[Event "WYCC 2018 O16"]
[Site "Halkidiki"]
[Date "2018.10.27"]
[Round "8"]
[White "Stoleriu, George"]
[Black "Stefan, Victor"]
[Result "1-0"]
[WhiteElo "2362"]
[BlackElo "1998"]
[Annotator "NA"]
[PlyCount "73"]
[EventDate "2018.10.20"]
[EventType "swiss"]
[EventCountry "GRE"]
[SourceTitle "playchess.com"]
[Source "ChessBase"]
[SourceQuality "1"]
[TimeControl "40/5400+30:1800+30"]

1. e4 {[%emt 0:00:29]} c5 {[%emt 0:00:00]} 2. Nf3 {[%emt 0:01:37]} d6 {[%emt 0:00:00]} 3. d4 {[%emt 0:00:32]} cxd4 {[%emt 0:00:00]} 4. Nxd4 {[%emt 0:00:04]} Nf6 {[%emt 0:00:10]} 5. Nc3 {[%emt 0:00:04]} a6 {[%emt 0:00:20]} 6. a4 {[%emt 0:00:04]} g6 {[%emt 0:00:27]} 7. Be2 {[%emt 0:08:37]} Bg7 {[%emt 0:00:09]} 8. Be3 {[%emt 0:02:36]} O-O {[%emt 0:00:29]} 9. O-O {[%emt 0:00:52]} Nbd7 {[%emt 0:00:51]} 10. a5 {[%emt 0:02:22]} Qc7 {[%emt 0:05:54]} 11. Nd5 {[%emt 0:14:21]} Qd8 {[%emt 0:08:03]} 12. f3 {[%emt 0:06:31]} e5 {[%emt 0:00:35]} 13. Nb3 {[%emt 0:01:57]} Nxd5 {[%emt 0:00:09]} 14. exd5 {[%emt 0:00:57]} f5 {[%emt 0:03:40]} 15. f4 {[%emt 0:12:34]} exf4 {[%emt 0:12:46]} 16. Bxf4 {[%emt 0:03:04]} Nf6 {[%emt 0:19:50]} 17. Bf3 {[%emt 0:08:34]} Ng4 {[%emt 0:10:55]} 18. c3 {[%emt 0:05:46]} g5 {[%emt 0:02:14]} 19. Bxg4 {[%emt 0:02:21]} fxg4 {[%emt 0:00:30]} 20. Be3 {[%emt 0:01:33]} Rxf1+ {[%emt 0:05:42]} 21. Qxf1 {[%emt 0:00:21]} g3 {[%emt 0:01:02]} 22. hxg3 {[%emt 0:01:22]} Be5 {[%emt 0:02:55]} 23. Bd4 {[%emt 0:09:33]} Bxg3 {[%emt 0:05:22]} 24. Qf3 {[%emt 0:01:37]} Bf4 {[%emt 0:00:39]} 25. Re1 {[%emt 0:02:17]} Qf8 {[%emt 0:18:33]} 26. g3 {[%emt 0:01:09]} Be5 {[%emt 0:00:09]} 27. Qxf8+ {[%emt 0:01:36]} Kxf8 {[%emt 0:00:02]} 28. Bxe5 {[%emt 0:00:08]} dxe5 {[%emt 0:00:05]} 29. Rxe5 {[%emt 0:00:03]} h6 {[%emt 0:00:26]} 30. Nc5 {[%emt 0:01:32]} Bg4 {[%emt 0:00:55]} 31. Kf2 {[%emt 0:02:59]} Kf7 {[%emt 0:01:19]} 32. Ke3 {[%emt 0:00:57]} Rb8 {[%emt 0:00:47]} 33. b4 {[%emt 0:01:16]} Kf6 {[%emt 0:00:53]} 34. Kd4 {[%emt 0:00:13]} Rg8 {[%emt 0:00:34]} 35. Nxb7 {[%emt 0:00:46]} h5 {[%emt 0:00:07]} 36. Nd6 {[%emt 0:00:17]} h4 {[%emt 0:00:55]} 37. Ne4+ {[%emt 0:00:08]} 1-0

[Event "WYCC 2018 O16"]
[Site "Halkidiki"]
[Date "2018.10.27"]
[Round "8"]
[White "Wachinger, Nikolas"]
[Black "Stevanic, David"]
[Result "0-1"]
[WhiteElo "2360"]
[BlackElo "2281"]
[Annotator "NA"]
[PlyCount "60"]
[EventDate "2018.10.20"]
[EventType "swiss"]
[EventCountry "GRE"]
[SourceTitle "playchess.com"]
[Source "ChessBase"]
[SourceQuality "1"]
[TimeControl "40/5400+30:1800+30"]

1. e4 {[%emt 0:00:00]} e5 {[%emt 0:00:00]} 2. Nf3 {[%emt 0:00:00]} Nc6 {[%emt 0:00:00]} 3. Bb5 {[%emt 0:00:00]} a6 {[%emt 0:00:00]} 4. Ba4 {[%emt 0:00:00]} Nf6 {[%emt 0:00:00]} 5. O-O {[%emt 0:00:00]} Be7 {[%emt 0:00:09]} 6. Re1 {[%emt 0:00:06]} b5 {[%emt 0:00:06]} 7. Bb3 {[%emt 0:00:05]} O-O {[%emt 0:00:08]} 8. a4 {[%emt 0:00:06]} b4 {[%emt 0:00:44]} 9. d4 {[%emt 0:00:08]} d6 {[%emt 0:00:37]} 10. dxe5 {[%emt 0:01:27]} dxe5 {[%emt 0:01:02]} 11. Nbd2 {[%emt 0:00:10]} Bc5 {[%emt 0:02:53]} 12. a5 {[%emt 0:00:09]} Ng4 {[%emt 0:01:14]} 13. Rf1 {[%emt 0:06:23]} Nf6 {[%emt 0:00:47]} 14. h3 {[%emt 0:01:14]} Qe7 {[%emt 0:02:05]} 15. Bc4 {[%emt 0:06:44]} Be6 {[%emt 0:08:06]} 16. Qe2 {[%emt 0:00:32]} Nh5 {[%emt 0:05:44]} 17. Nb3 {[%emt 0:03:33]} Ng3 {[%emt 0:02:33]} 18. Qd3 {[%emt 0:02:20]} Nxf1 {[%emt 0:02:13]} 19. Bxe6 {[%emt 0:27:53]} fxe6 {[%emt 0:01:54]} 20. Bg5 {[%emt 0:00:49]} Rxf3 {[%emt 0:23:11]} 21. Qxf3 {[%emt 0:00:07]} Qxg5 {[%emt 0:00:07]} 22. Nxc5 {[%emt 0:00:05]} Nd2 {[%emt 0:00:34]} 23. Qd3 {[%emt 0:00:11]} Nd4 {[%emt 0:14:56]} 24. Rd1 {[%emt 0:01:36]} Rf8 {[%emt 0:08:46]} 25. c3 {[%emt 0:05:36]} N4f3+ {[%emt 0:07:05]} 26. Kh1 {[%emt 0:02:52]} Qf4 {[%emt 0:00:12]} 27. g3 {[%emt 0:01:07]} Qh6 {[%emt 0:03:42]} 28. Kg2 bxc3 29. bxc3 {[%emt 0:00:46]} Qf6 {[%emt 0:01:54]} 30. Rxd2 {[%emt 0:03:52]} Ne1+ {[%emt 0:00:15]} 0-1

[Event "WYCC 2018 O16"]
[Site "Halkidiki"]
[Date "2018.10.27"]
[Round "8"]
[White "Baenziger, Fabian"]
[Black "Hernandez Luna, Jose Angel"]
[Result "1-0"]
[WhiteElo "2355"]
[BlackElo "1913"]
[Annotator "NA"]
[PlyCount "65"]
[EventDate "2018.10.20"]
[EventType "swiss"]
[EventCountry "GRE"]
[SourceTitle "playchess.com"]
[Source "ChessBase"]
[SourceQuality "1"]
[TimeControl "40/5400+30:1800+30"]

1. d4 {[%emt 0:00:00]} d5 {[%emt 0:00:19]} 2. Nf3 {[%emt 0:00:19]} Nf6 {[%emt 0:00:38]} 3. c4 {[%emt 0:00:05]} e6 {[%emt 0:00:12]} 4. g3 {[%emt 0:00:16]} Nbd7 {[%emt 0:01:05]} 5. Bg2 {[%emt 0:01:26]} c6 {[%emt 0:03:34]} 6. Qc2 {[%emt 0:01:16]} Bd6 {[%emt 0:00:00]} 7. O-O {[%emt 0:01:07]} O-O {[%emt 0:02:46]} 8. Nbd2 {[%emt 0:00:36]} b6 {[%emt 0:06:12]} 9. e4 {[%emt 0:01:06]} dxe4 {[%emt 0:00:11]} 10. Nxe4 {[%emt 0:04:55]} Nxe4 {[%emt 0:00:10]} 11. Qxe4 $11 {[%emt 0:00:02]} Bb7 {[%emt 0:00:14]} 12. b3 {[%emt 0:03:19]} Re8 {[%emt 0:03:58]} 13. Bb2 {[%emt 0:01:34]} Qc7 {[%emt 0:00:43]} 14. Rad1 {[%emt 0:03:56]} c5 {[%emt 0:03:02]} 15. Qc2 {[%emt 0:02:28]} h6 {[%emt 0:01:24]} 16. Rfe1 {[%emt 0:10:28]} Rad8 {[%emt 0:01:30]} 17. Qe2 {[%emt 0:05:38]} a6 {[%emt 0:17:29]} 18. a3 {[%emt 0:08:16]} cxd4 {[%emt 0:00:39]} 19. Rxd4 {[%emt 0:00:03]} e5 {[%emt 0:04:53]} 20. Rdd1 {[%emt 0:02:03]} a5 {[%emt 0:02:19]} 21. Nd2 {[%emt 0:04:22]} Bxg2 {[%emt 0:00:51]} 22. Kxg2 {[%emt 0:00:04]} f5 {[%emt 0:00:30]} 23. Qh5 {[%emt 0:02:49]} Rf8 {[%emt 0:01:15]} 24. Nf3 {[%emt 0:02:10]} Rf6 {[%emt 0:06:09]} 25. Nxe5 {[%emt 0:02:29]} Nc5 {[%emt 0:11:15]} 26. Ng6 {[%emt 0:03:34]} Rf7 {[%emt 0:00:41]} 27. Nh4 {[%emt 0:00:05]} f4 {[%emt 0:00:57]} 28. Nf5 {[%emt 0:00:21]} fxg3 {[%emt 0:01:54]} 29. hxg3 {[%emt 0:01:14]} Nxb3 {[%emt 0:07:14]} 30. Nxh6+ {[%emt 0:00:42]} gxh6 {[%emt 0:00:22]} 31. Qg6+ {[%emt 0:00:03]} Rg7 {[%emt 0:00:41]} 32. Bxg7 {[%emt 0:00:15]} Qxg7 {[%emt 0:00:07]} 33. Rxd6 {[%emt 0:00:04]} 1-0